Research Instruments in Social Gerontology : Social Roles and Social Participation /
保存先:
| 第一著者: | |
|---|---|
| その他の著者: | |
| フォーマット: | 図書 |
| 言語: | 英語 |
| 出版事項: |
Minneápolis, EUA :
University of Minnesota,
1982, c1982
|
| 主題: | |
| タグ: |
タグなし, このレコードへの初めてのタグを付けませんか!
|
MARC
| LEADER | 00000nam^a2200000^a^4500 | ||
|---|---|---|---|
| 001 | 000188195 | ||
| 005 | 20250521000000.0 | ||
| 009 | 20260310102328.144 | ||
| 020 | |a 0-8166-1096-7 | ||
| 037 | |a Acervo ITESO - Biblioteca | ||
| 041 | |a ING | ||
| 082 | |a 618. 97 |b MAN V. 2 | ||
| 100 | |a Mangen, David J. |e (ed.) | ||
| 240 | 1 | 1 | |a [Research Instruments in Social Gerontology] |
| 245 | 1 | 0 | |a Research Instruments in Social Gerontology : |b Social Roles and Social Participation / |c Ed. de D.J. Mangen, W.A. Peterson ; colaboración de Toshi Kii, Robert Sanders. |
| 264 | 4 | |a Minneápolis, EUA : |b University of Minnesota, |c 1982, c1982 | |
| 300 | |a XII, 557 p. | ||
| 336 | |a texto |b txt |2 rdacontenido | ||
| 337 | |a sin mediación |b n |2 rdamedio | ||
| 338 | |a volumen |b nc |2 rdasoporte | ||
| 649 | |a XX | ||
| 650 | |a Ancianos - |x Condiciones Económicas | ||
| 650 | |a Ancianos - |x Condiciones Sociales y Culturales - |x Tema Principal | ||
| 650 | |a Ancianos | ||
| 650 | |a Relaciones Familiares | ||
| 650 | |a Jubilaciones y Pensiones | ||
| 650 | |a Calidad de Vida - |z EUA | ||
| 650 | |a Asistencia Social - |z EUA | ||
| 650 | |a Investigación Médica - |z EUA - |x Tema Principal | ||
| 650 | |a Psicología Social | ||
| 650 | |a Gerontología - |x Tema Principal | ||
| 650 | |a Sociología de la Medicina | ||
| 650 | |a Salud Pública | ||
| 700 | |a Peterson, Warren A. |e (edición) | ||
| 910 | |a Fondo General | ||
| 920 | |a Impresos - Libros | ||
| 930 | |a Colección General | ||
| 905 | |a 101 | ||
| 901 | |a 0500130559 |b IT1 |c ACC |u 20250521 | ||
| 902 | |a https://opac.biblio.iteso.mx/vufind/Record/000188195 | ||